Días de ayer (Record no. 113502)

MARC details
000 -LEADER
campo de control de longitud fija 00706nam a2200205 i 4500
001 - NÚMERO DE CONTROL
campo de control 113502
003 - IDENTIFICADOR DE NÚMERO DE CONTROL
campo de control ES-MaACL
005 - FECHA Y HORA DE LA ÚLTIMA TRANSACCIÓN
campo de control 20250815004210.0
007 - CAMPO FIJO DE DESCRIPCIÓN FÍSICA--INFORMACIÓN GENERAL
campo de control de longitud fija t|
008 - DATOS DE LONGITUD FIJA--INFORMACIÓN GENERAL
campo de control de longitud fija 061121s1963 sp r ||||1| spa d
100 1# - ENTRADA PRINCIPAL--NOMBRE DE PERSONA
Nombre de persona Pabón y Suárez de Urbina, Jesús,
Fechas asociadas al nombre 1902-1976
9 (RLIN) 88103
245 10 - MENCIÓN DEL TÍTULO
Título Días de ayer
Resto del título : historias e historiadores contemporáneos /
Mención de responsabilidad, etc. Jesús Pabón y S. de Urbina.
260 ## - PUBLICACIÓN, DISTRIBUCIÓN, ETC.
Lugar de publicación, distribución, etc. Barcelona :
Nombre del editor, distribuidor, etc. Alpha,
Fecha de publicación, distribución, etc. 1963.
300 ## - DESCRIPCIÓN FÍSICA
Extensión 484 p. 51 láms. ;
Dimensiones 25 cm.
650 #7 - PUNTO DE ACCESO ADICIONAL DE MATERIA--TÉRMINO DE MATERIA
Término de materia o nombre geográfico como elemento de entrada Historia contemporánea
Fuente del encabezamiento o término embne
9 (RLIN) 13393
651 #7 - PUNTO DE ACCESO ADICIONAL DE MATERIA--NOMBRE GEOGRÁFICO
Nombre geográfico España-
Subdivisión general Historia-
Subdivisión cronológica S.XIX
Fuente del encabezamiento o término
9 (RLIN) 142005
651 #4 - PUNTO DE ACCESO ADICIONAL DE MATERIA--NOMBRE GEOGRÁFICO
Nombre geográfico España-
Subdivisión general Historia-
Subdivisión cronológica S.XX.
9 (RLIN) 138832
852 ## - LOCALIZACIÓN
Ubicación ES-MaACL
Número de control de estantería C-23068
Sublocalización o colección R.51914
Holdings
Estatus retirado Estado de pérdida Estado de daño No para préstamo Biblioteca de origen Biblioteca actual Ubicación en estantería Fecha de adquisición Fuente de adquisición Total de préstamos Signatura topográfica completa Código de barras Visto por última vez Precio de reemplazo Tipo de ítem Koha
        Biblioteca del Ateneo de Madrid Biblioteca del Ateneo de Madrid Depósito 2 17/01/2008     C-23068 1118378 23/02/2023 23/02/2023 Libro impreso